[Event "IX Floripa Chess Open Fort Atacadista"]
[Site "Florianópolis - Santa Catari"]
[Date "2023.01.27"]
[Round "8.62"]
[White "Soares, Joao Carlos T. C."]
[Black "Calsing, Ado"]
[Result "1-0"]
[WhiteElo "2062"]
[BlackElo "1863"]
[PlyCount "71"]
[EventDate "2023.01.23"]
[EventRounds "10"]
[EventCountry "BRA"]

1. c4 Nf6 2. Nf3 g6 3. Nc3 d5 4. cxd5 Nxd5 5. Qa4+ Bd7 6. Qb3 Nb6 7. d4 Bg7 8.
e3 O-O 9. Be2 Be6 10. Qa3 Nc6 11. O-O a5 12. Qc5 h6 13. d5 Bxc3 14. dxe6 Bg7
15. exf7+ Rxf7 16. Qc2 Rf6 17. Bd2 Nb4 18. Bxb4 axb4 19. Rfd1 Rd6 20. Qb3+ Kh7
21. Qxb4 Qg8 22. a3 Rad8 23. Rxd6 exd6 24. h4 Qf7 25. Rb1 Qf5 26. Rc1 Rd7 27.
a4 Re7 28. a5 Re4 29. Qd2 Na4 30. Rxc7 Qf6 31. Bd3 Rg4 32. Be2 Nc5 33. Qd5 Ne6
34. Rxb7 Nc5 35. Rb8 h5 36. Ng5+ 1-0

[Event "IX Floripa Chess Open Fort Atacadista"]
[Site "Florianópolis - Santa Catari"]
[Date "2023.01.27"]
[Round "8.63"]
[White "Guerrero, Alvaro"]
[Black "Bitencourt, Evandro Jose Dos S"]
[Result "1-0"]
[WhiteElo "2058"]
[BlackElo "1859"]
[PlyCount "69"]
[EventDate "2023.01.23"]
[EventRounds "10"]
[EventCountry "BRA"]

1. e4 c5 2. d3 Nc6 3. Nf3 d6 4. g3 g6 5. Bg2 Bg7 6. c3 e6 7. O-O Nge7 8. Re1
O-O 9. Na3 a6 10. d4 cxd4 11. cxd4 d5 12. e5 Bd7 13. Nc2 Rc8 14. b3 Nf5 15. Kh1
Na7 16. a4 Qc7 17. Re2 Rfe8 18. g4 Ne7 19. Ne3 h6 20. Ba3 b5 21. a5 Qb7 22. b4
Nec6 23. Nc2 Rc7 24. Nd2 Bf8 25. Nb3 Nc8 26. f4 Be7 27. Qd3 N8a7 28. Rg1 Qc8
29. Nc5 Bxc5 30. dxc5 Qd8 31. Qh3 Kg7 32. Bb2 Rf8 33. f5 h5 34. f6+ Kg8 35.
gxh5 1-0

[Event "IX Floripa Chess Open Fort Atacadista"]
[Site "Florianópolis - Santa Catari"]
[Date "2023.01.27"]
[Round "8.64"]
[White "Camara, Terbio Jose"]
[Black "Oviedo Acosta, Paula"]
[Result "1-0"]
[WhiteElo "2055"]
[BlackElo "1836"]
[PlyCount "89"]
[EventDate "2023.01.23"]
[EventRounds "10"]
[EventCountry "BRA"]

1. e4 c5 2. Nf3 e6 3. d4 cxd4 4. Nxd4 a6 5. c4 Nf6 6. Nc3 d6 7. Be2 Nbd7 8. O-O
Be7 9. Be3 O-O 10. Qd2 Qc7 11. Rac1 b6 12. Rfd1 Bb7 13. f3 Rac8 14. g4 Ne5 15.
g5 Nfd7 16. f4 Nc6 17. Nd5 exd5 18. cxd5 Nxd4 19. Rxc7 Nxe2+ 20. Qxe2 Rxc7 21.
Bd4 Rfc8 22. h4 Bf8 23. h5 Re8 24. Qg2 Nc5 25. e5 Rd7 26. b4 dxe5 27. bxc5 Bxd5
28. c6 Rdd8 29. Qb2 Bxc6 30. Qxb6 Bb5 31. fxe5 Be2 32. Rd2 Bxh5 33. Qxa6 Bc5
34. Qb5 Bf8 35. a4 Rb8 36. Bb6 Rec8 37. a5 Bg6 38. Qd7 h6 39. gxh6 gxh6 40. e6
Rc1+ 41. Kh2 Rbc8 42. e7 Be4 43. Qxc8 Rxc8 44. Rd8 Rc2+ 45. Kg3 1-0

[Event "IX Floripa Chess Open Fort Atacadista"]
[Site "Florianópolis - Santa Catari"]
[Date "2023.01.27"]
[Round "8.66"]
[White "Almeida Junior, Alvaro Alves De"]
[Black "Melo, Igor De Souza"]
[Result "1-0"]
[WhiteElo "2045"]
[BlackElo "1749"]
[PlyCount "61"]
[EventDate "2023.01.23"]
[EventRounds "10"]
[EventCountry "BRA"]

1. e4 c5 2. Nf3 g6 3. h4 h5 4. c3 d5 5. e5 Nc6 6. d4 Bg7 7. Bd3 Bg4 8. Be3 Nh6
9. Nbd2 Nf5 10. Bxf5 Bxf5 11. dxc5 Nxe5 12. Nxe5 Bxe5 13. Nf3 Bg7 14. Qb3 Qd7
15. Rd1 Be6 16. Bd4 O-O 17. Bxg7 Kxg7 18. O-O Qc7 19. Qb4 Rac8 20. Qd4+ f6 21.
Rfe1 Bf7 22. c6 bxc6 23. Qc5 e6 24. c4 Rfe8 25. Re3 d4 26. Ra3 Re7 27. Ra6 Qb7
28. Rd3 Rcc7 29. Rda3 Qxb2 30. Rxc6 Qb7 31. Raa6 1-0

[Event "IX Floripa Chess Open Fort Atacadista"]
[Site "Florianópolis - Santa Catari"]
[Date "2023.01.27"]
[Round "8.67"]
[White "Ferreira, Gabriel Duque"]
[Black "Souza Dos Santos, Matheus Garcett"]
[Result "1/2-1/2"]
[WhiteElo "1848"]
[BlackElo "2041"]
[PlyCount "27"]
[EventDate "2023.01.23"]
[EventRounds "10"]
[EventCountry "BRA"]

1. c4 e5 2. Nc3 Nc6 3. Nf3 g6 4. g3 Bg7 5. Bg2 d6 6. O-O Be6 7. d3 h6 8. Be3 f5
9. d4 Bf7 10. Qa4 Qd7 11. dxe5 Nge7 12. exd6 cxd6 13. Rad1 O-O 14. Bf4 1/2-1/2

[Event "IX Floripa Chess Open Fort Atacadista"]
[Site "Florianópolis - Santa Catari"]
[Date "2023.01.27"]
[Round "8.68"]
[White "Boff, Lucas Strauss"]
[Black "Flores, Clarice Soares Leit"]
[Result "1-0"]
[WhiteElo "2036"]
[BlackElo "1737"]
[PlyCount "63"]
[EventDate "2023.01.23"]
[EventRounds "10"]
[EventCountry "BRA"]

1. Nf3 c5 2. c4 Nc6 3. g3 g6 4. Nc3 Bg7 5. Bg2 d6 6. O-O e5 7. d3 Nge7 8. a3
O-O 9. Rb1 a5 10. Nd5 h6 11. Ne1 Rb8 12. Bd2 Bd7 13. Nc2 b5 14. b4 axb4 15.
cxb5 Rxb5 16. axb4 Nxd5 17. Bxd5 cxb4 18. Bc4 Rb8 19. Nxb4 Ne7 20. Nd5 Rxb1 21.
Qxb1 Bc6 22. Qb3 Nxd5 23. Bxd5 Qa8 24. Bxc6 Qxc6 25. Rc1 Qa8 26. Rc7 d5 27. Qb5
Rc8 28. Rb7 Rd8 29. Ba5 Rf8 30. Qxd5 Qe8 31. Bb4 Qd8 32. Rd7 1-0

[Event "IX Floripa Chess Open Fort Atacadista"]
[Site "Florianópolis - Santa Catari"]
[Date "2023.01.27"]
[Round "8.69"]
[White "Lutz, Igor Oscar"]
[Black "Cardoso, Leandro Ubialli"]
[Result "0-1"]
[WhiteElo "2022"]
[BlackElo "1732"]
[PlyCount "98"]
[EventDate "2023.01.23"]
[EventRounds "10"]
[EventCountry "BRA"]

1. d4 e6 2. c4 Nf6 3. g3 Bb4+ 4. Bd2 a5 5. Bg2 O-O 6. Qc2 Bxd2+ 7. Nxd2 Qe7 8.
Ngf3 d5 9. O-O Rd8 10. e4 dxe4 11. Nxe4 Nc6 12. Rfd1 Nb4 13. Qe2 Bd7 14. a3 Na6
15. Ne5 Rab8 16. Nxf6+ Qxf6 17. c5 Ba4 18. Rd2 Nxc5 19. dxc5 Rxd2 20. Qxd2 Qxe5
21. Qxa5 b5 22. Qb4 Rd8 23. Re1 Qd4 24. Qxd4 Rxd4 25. b4 Rd3 26. Re3 Rxe3 27.
fxe3 e5 28. Bc6 f5 29. Kf2 Kf7 30. e4 g6 31. Ke3 Ke6 32. Bd5+ Kf6 33. Bg8 h6
34. Ba2 Bc2 35. Bd5 Bxe4 36. Bxe4 fxe4 37. Kxe4 h5 38. h3 c6 39. g4 Ke6 40.
gxh5 gxh5 41. h4 Kf6 42. Ke3 Kf5 43. Kf3 e4+ 44. Ke3 Ke5 45. Kf2 Kd4 46. Ke2 e3
47. Ke1 Kd3 48. Kd1 e2+ 49. Ke1 Ke3 0-1

[Event "IX Floripa Chess Open Fort Atacadista"]
[Site "Florianópolis - Santa Catari"]
[Date "2023.01.27"]
[Round "8.70"]
[White "Da Silva, Lucas Pereira Mende"]
[Black "Ferreira, Andrei Dias"]
[Result "1/2-1/2"]
[WhiteElo "1838"]
[BlackElo "2011"]
[PlyCount "34"]
[EventDate "2023.01.23"]
[EventRounds "10"]
[EventCountry "BRA"]

1. e4 c5 2. Nf3 e6 3. d4 cxd4 4. Nxd4 Nc6 5. Nc3 Qc7 6. Be3 a6 7. Qf3 Ne5 8.
Qg3 h5 9. h4 Nf6 10. O-O-O d6 11. f4 Neg4 12. Bg1 Bd7 13. Qd3 Rc8 14. Nf3 b5
15. a3 Be7 16. Bd4 e5 17. Be3 O-O 1/2-1/2

[Event "IX Floripa Chess Open Fort Atacadista"]
[Site "Florianópolis - Santa Catari"]
[Date "2023.01.27"]
[Round "8.71"]
[White "Urquiza, Marcello De Albuque"]
[Black "De Paula, Bruno Cesar Lima"]
[Result "1-0"]
[WhiteElo "2007"]
[BlackElo "1591"]
[PlyCount "83"]
[EventDate "2023.01.23"]
[EventRounds "10"]
[EventCountry "BRA"]

1. e4 e5 2. Nf3 f5 3. Nxe5 Qf6 4. d4 d6 5. Nc4 fxe4 6. Be2 Nc6 7. d5 Ne5 8. Nc3
Bf5 9. Be3 Nh6 10. Qd4 Nhg4 11. Nxe4 Qh4 12. Ng3 Nxe3 13. Qxe3 Bg6 14. f4 Be7
15. fxe5 O-O 16. Qc3 dxe5 17. O-O-O b5 18. Nd2 Bb4 19. Qb3 a5 20. a3 c5 21.
Bxb5 a4 22. Qc4 Bxd2+ 23. Rxd2 Qg5 24. Rf1 h5 25. Rxf8+ Rxf8 26. Qe2 h4 27. Nf1
e4 28. Ne3 h3 29. gxh3 Rf3 30. d6 Rxe3 31. Qxe3 Qxe3 32. d7 Qg1+ 33. Rd1 Qg5+
34. Kb1 Qd8 35. Rd5 e3 36. Re5 Kf8 37. Rxe3 Qa8 38. Re8+ Bxe8 39. dxe8=Q+ Qxe8
40. Bxe8 Kxe8 41. Kc1 Kf7 42. Kd2 1-0

[Event "IX Floripa Chess Open Fort Atacadista"]
[Site "Florianópolis - Santa Catari"]
[Date "2023.01.27"]
[Round "8.72"]
[White "Segato, Pedro Henrique Pedr"]
[Black "Fraga, Heitor Carneiro"]
[Result "1/2-1/2"]
[WhiteElo "1999"]
[BlackElo "1556"]
[PlyCount "33"]
[EventDate "2023.01.23"]
[EventRounds "10"]
[EventCountry "BRA"]

1. c4 e6 2. d4 d5 3. Nc3 Nf6 4. cxd5 exd5 5. Bg5 Be7 6. e3 O-O 7. Bd3 c6 8. Qc2
Nbd7 9. Nf3 Re8 10. O-O g6 11. a3 a5 12. Rab1 Nb6 13. b4 Nc4 14. Qc1 b5 15. h3
Be6 16. Bc2 Qc8 17. Ne2 1/2-1/2

[Event "IX Floripa Chess Open Fort Atacadista"]
[Site "Florianópolis - Santa Catari"]
[Date "2023.01.27"]
[Round "8.73"]
[White "Lima, Stefan Moisei Vieir"]
[Black "Silver, Fernanda Luise"]
[Result "1-0"]
[WhiteElo "1991"]
[BlackElo "1800"]
[PlyCount "97"]
[EventDate "2023.01.23"]
[EventRounds "10"]
[EventCountry "BRA"]

1. d4 d5 2. c4 e6 3. Nf3 a6 4. b3 Nf6 5. g3 c5 6. cxd5 Qxd5 7. Nc3 Qd8 8. Bg2
Nc6 9. dxc5 Qxd1+ 10. Nxd1 Bxc5 11. O-O O-O 12. Be3 Ba3 13. Bc1 Bxc1 14. Rxc1
Bd7 15. Ne3 Nb4 16. a3 Nbd5 17. Nc4 Rfd8 18. Nfe5 Be8 19. g4 Nf4 20. Bf3 N6d5
21. e3 Nh3+ 22. Kg2 Ng5 23. Bxd5 exd5 24. Nb6 Rab8 25. Rfd1 Bc6 26. Nxc6 bxc6
27. Rxc6 h6 28. Rxd5 Rxd5 29. Nxd5 a5 30. b4 axb4 31. axb4 Ne6 32. Rc8+ Rxc8
33. Ne7+ Kf8 34. Nxc8 Ke8 35. Nd6+ Ke7 36. Nf5+ Kf6 37. f4 Nc7 38. Kf3 h5 39.
h3 Nd5 40. b5 g6 41. Nd4 Ke7 42. e4 hxg4+ 43. hxg4 Nb6 44. e5 f6 45. Nc6+ Ke6
46. exf6 Kxf6 47. Ke4 Ke6 48. Kd4 Nd7 49. Ne5 1-0

[Event "IX Floripa Chess Open Fort Atacadista"]
[Site "Florianópolis - Santa Catari"]
[Date "2023.01.27"]
[Round "8.74"]
[White "Gatelli, Jacson Henrique"]
[Black "Ccerhuayo Escobedo, Mels Leopold"]
[Result "0-1"]
[WhiteElo "1820"]
[BlackElo "1988"]
[PlyCount "122"]
[EventDate "2023.01.23"]
[EventRounds "10"]
[EventCountry "BRA"]

1. d4 Nf6 2. c4 e6 3. Nc3 Bb4 4. Qc2 c5 5. dxc5 O-O 6. Bg5 Na6 7. a3 Bxc3+ 8.
Qxc3 Nxc5 9. Bxf6 Qxf6 10. Qxf6 gxf6 11. Nf3 b6 12. Rd1 Rd8 13. Nd4 a6 14. Nc6
Re8 15. Nd4 Bb7 16. f3 d5 17. e3 dxc4 18. Bxc4 b5 19. Be2 Na4 20. Rd2 Rec8 21.
Kf2 Rc7 22. Rhd1 Rac8 23. Bd3 f5 24. Bb1 Kf8 25. h3 h5 26. Kg3 Rc1 27. Bc2 Rxd1
28. Bxd1 Nb6 29. Bb3 Ke7 30. Rc2 Rg8+ 31. Kf2 Kd6 32. Ne2 h4 33. Rd2+ Ke7 34.
Rd4 e5 35. Rxh4 Rd8 36. Bxf7 Rd2 37. Bg8 Bd5 38. Rh7+ Ke8 39. Bxd5 Nxd5 40.
Rh8+ Ke7 41. Rh7+ Ke8 42. Ke1 Rxb2 43. e4 Ne3 44. g3 Nc2+ 45. Kf1 fxe4 46. fxe4
Nxa3 47. Ra7 b4 48. Rxa6 Nc4 49. Rc6 Rc2 50. Rc8+ Kd7 51. Rb8 b3 52. Ke1 b2 53.
h4 Rc1+ 54. Kf2 b1=Q 55. Rxb1 Rxb1 56. g4 Ke6 57. Ng3 Rb2+ 58. Kf3 Nd2+ 59. Ke3
Rb3+ 60. Kf2 Rf3+ 61. Kg2 Re3 0-1

[Event "IX Floripa Chess Open Fort Atacadista"]
[Site "Florianópolis - Santa Catari"]
[Date "2023.01.27"]
[Round "8.75"]
[White "Ribeiro, Dionatan Lua Franze"]
[Black "Mariani, Daniel Brandao"]
[Result "0-1"]
[WhiteElo "1800"]
[BlackElo "1987"]
[PlyCount "113"]
[EventDate "2023.01.23"]
[EventRounds "10"]
[EventCountry "BRA"]

1. e4 c5 2. Nf3 e6 3. Nc3 Nc6 4. Bb5 Nge7 5. O-O a6 6. Be2 g6 7. d3 Bg7 8. Bf4
d6 9. Qc1 O-O 10. Bh6 b5 11. a4 b4 12. Nd1 Nd4 13. Nxd4 cxd4 14. Bxg7 Kxg7 15.
c3 Nc6 16. cxb4 Nxb4 17. Qc4 Qb6 18. a5 Qc5 19. Rc1 Bd7 20. b3 Bb5 21. Qxc5
dxc5 22. Nb2 Rfc8 23. f4 Rab8 24. Nc4 Bxc4 25. Rxc4 Na2 26. Rb1 Rb5 27. Ra1 Nc3
28. Bd1 Nxd1 29. Rxd1 Rxb3 30. Rdc1 Rxd3 31. Rxc5 Rd1+ 32. Rxd1 Rxc5 33. Ra1 e5
34. fxe5 Rxe5 35. Ra4 Rxe4 36. Kf2 Kf6 37. Rb4 Ke5 38. Rb6 Rf4+ 39. Ke2 Rf6 40.
Rb7 Kd5 41. Kd3 Rf2 42. Rb6 Rxg2 43. Rxa6 Rxh2 44. Rf6 Rh3+ 45. Kd2 Ke4 46.
Rxf7 Rh2+ 47. Kd1 Ra2 48. Rxh7 Rxa5 49. Kd2 Ra2+ 50. Kd1 Rg2 51. Rg7 Kd3 52.
Kc1 g5 53. Rc7 g4 54. Rg7 Ke3 55. Re7+ Kf3 56. Rf7+ Kg3 57. Kd1 0-1

[Event "IX Floripa Chess Open Fort Atacadista"]
[Site "Florianópolis - Santa Catari"]
[Date "2023.01.27"]
[Round "8.76"]
[White "Cordioli, Jairo Ribeiro"]
[Black "Mendez Machado, Andre"]
[Result "0-1"]
[WhiteElo "1735"]
[BlackElo "1986"]
[PlyCount "31"]
[EventDate "2023.01.23"]
[EventRounds "10"]
[EventCountry "BRA"]

1. d4 Nf6 2. c4 e6 3. a3 d5 4. cxd5 exd5 5. Nc3 b6 6. Nf3 Be7 7. g3 O-O 8. Bg2
Bb7 9. O-O Nbd7 10. Ne5 c5 11. Nxd7 Qxd7 12. dxc5 bxc5 13. Qc2 d4 14. Ne4 Nxe4
15. Bxe4 Rab8 16. Rd1 0-1

[Event "IX Floripa Chess Open Fort Atacadista"]
[Site "Florianópolis - Santa Catari"]
[Date "2023.01.27"]
[Round "8.77"]
[White "De Borba, Gabriel"]
[Black "Ribeiro, Davison Soares"]
[Result "1/2-1/2"]
[WhiteElo "2191"]
[BlackElo "1800"]
[PlyCount "86"]
[EventDate "2023.01.23"]
[EventRounds "10"]
[EventCountry "BRA"]

1. e4 d5 2. exd5 Qxd5 3. Nc3 Qd6 4. d4 a6 5. h3 Nf6 6. Nf3 Nc6 7. Be2 Bf5 8.
O-O Nb4 9. Ne1 O-O-O 10. Be3 e5 11. dxe5 Qxe5 12. Qc1 Bd6 13. Nf3 Qe6 14. Nd4
Qd7 15. Rd1 c5 16. Nxf5 Qxf5 17. a3 Nc6 18. Nd5 Rhg8 19. c4 g5 20. Qc3 Be5 21.
Bd3 Qe6 22. Qc2 Qd6 23. Bxh7 Nd4 24. Bxd4 Bxd4 25. Qf5+ Nd7 26. Re1 Kb8 27.
Bxg8 Rxg8 28. Qxf7 Rf8 29. Re8+ Rxe8 30. Qxe8+ Ka7 31. Re1 Ne5 32. b3 Nf3+ 33.
Kf1 Qh2 34. Re3 Nh4 35. Rg3 Qh1+ 36. Ke2 Nxg2 37. Ne3 Nf4+ 38. Kd2 Qb1 39. Nc2
Bxf2 40. Rf3 Bd4 41. Nxd4 cxd4 42. Qe5 Qb2+ 43. Kd1 Qb1+ 1/2-1/2

[Event "IX Floripa Chess Open Fort Atacadista"]
[Site "Florianópolis - Santa Catari"]
[Date "2023.01.27"]
[Round "8.78"]
[White "Da Rosa, Henrique Jaze Simoe"]
[Black "Fernandez, Maria Florencia"]
[Result "0-1"]
[WhiteElo "1838"]
[BlackElo "2181"]
[PlyCount "82"]
[EventDate "2023.01.23"]
[EventRounds "10"]
[EventCountry "BRA"]

1. Nf3 Nf6 2. c4 g6 3. g3 Bg7 4. Bg2 O-O 5. O-O d6 6. d4 Nbd7 7. Nc3 e5 8. e4
h6 9. h3 Re8 10. Be3 c6 11. Qc2 Qc7 12. Rad1 Nf8 13. c5 dxc5 14. dxc5 Ne6 15.
Ne2 b6 16. b4 bxc5 17. bxc5 Ba6 18. Rfe1 Rab8 19. Nc1 Rb4 20. Nd2 Nd4 21. Bxd4
Rxd4 22. Ncb3 Rd7 23. h4 Bf8 24. Bh3 Rdd8 25. Nf3 Bb5 26. Rxd8 Rxd8 27. Qc3 Re8
28. Nbd2 Qe7 29. Rc1 h5 30. Kh2 Ng4+ 31. Kg2 Bh6 32. Rc2 Rd8 33. Nc4 Qxc5 34.
Ncxe5 Qxc3 35. Rxc3 Nxe5 36. Nxe5 Bg7 37. Nxc6 Rd2 38. Nxa7 Bxc3 39. Nxb5 Ba5
40. g4 hxg4 41. Bxg4 Bb6 0-1

[Event "IX Floripa Chess Open Fort Atacadista"]
[Site "Florianópolis - Santa Catari"]
[Date "2023.01.27"]
[Round "8.79"]
[White "Caetano, Hugo Zanotti Mendon"]
[Black "Machado Da Silva, Lucas"]
[Result "1-0"]
[WhiteElo "2166"]
[BlackElo "1822"]
[PlyCount "54"]
[EventDate "2023.01.23"]
[EventRounds "10"]
[EventCountry "BRA"]

1. d4 Nf6 2. c4 e6 3. Nf3 d5 4. Nc3 Bb4 5. cxd5 Bxc3+ 6. bxc3 exd5 7. Bg5 h6 8.
Bh4 c6 9. Qc2 g5 10. Bg3 Ne4 11. e3 Qa5 12. Rc1 Bf5 13. Bd3 Nxg3 14. hxg3 Bxd3
15. Qxd3 Qxa2 16. Nxg5 Nd7 17. Qf5 O-O-O 18. Nf3 Qa3 19. O-O Qe7 20. Ne5 Kb8
21. Qxf7 Rhe8 22. Qxe7 Rxe7 23. Nxd7+ Rdxd7 24. Rfe1 h5 25. Ra1 b6 26. Kf1 Rh7
27. Ke2 c5 1-0

[Event "IX Floripa Chess Open Fort Atacadista"]
[Site "Florianópolis - Santa Catari"]
[Date "2023.01.27"]
[Round "8.80"]
[White "Silva, Ezequiel Demetras"]
[Black "Vargas, Gabriela"]
[Result "0-1"]
[WhiteElo "1811"]
[BlackElo "2145"]
[PlyCount "98"]
[EventDate "2023.01.23"]
[EventRounds "10"]
[EventCountry "BRA"]

1. e4 e6 2. d4 d5 3. Nd2 c5 4. exd5 Qxd5 5. dxc5 Nf6 6. Ngf3 Qxc5 7. Bd3 Be7 8.
O-O O-O 9. Nb3 Qc7 10. Bg5 Nc6 11. c3 Ne5 12. Nxe5 Qxe5 13. Bh4 Rd8 14. Qe2
Qxe2 15. Bxe2 Bd7 16. Bf3 Bc6 17. Bxc6 bxc6 18. Rad1 Rac8 19. f3 Kf8 20. Kf2
Ng4+ 21. fxg4 Bxh4+ 22. Kf3 Be7 23. Ke2 Rd5 24. c4 Re5+ 25. Kf3 Ke8 26. Rfe1
Rxe1 27. Rxe1 Rd8 28. Re5 c5 29. Ke2 Bd6 30. Rh5 h6 31. h3 Rb8 32. Kd3 Ke7 33.
g5 hxg5 34. Rxg5 g6 35. Rg4 e5 36. Rh4 Ke6 37. Rh7 a5 38. Kc2 a4 39. Nc1 e4 40.
Ne2 Be5 41. b3 axb3+ 42. axb3 Rd8 43. Rh4 f5 44. Nf4+ Kf6 45. Nd5+ Kg7 46. Nf4
Rd6 47. Ne2 e3 48. Ng1 Bg3 49. Nf3 e2 0-1

[Event "IX Floripa Chess Open Fort Atacadista"]
[Site "Florianópolis - Santa Catari"]
[Date "2023.01.27"]
[Round "8.81"]
[White "Dos Santos, Gustavo Mota"]
[Black "Dominguez, Facundo"]
[Result "0-1"]
[WhiteElo "1810"]
[BlackElo "2132"]
[PlyCount "54"]
[EventDate "2023.01.23"]
[EventRounds "10"]
[EventCountry "BRA"]

1. e4 c5 2. Nf3 e6 3. d3 Nc6 4. g3 g6 5. Bg2 Bg7 6. O-O Nge7 7. Nbd2 d5 8. c3
b6 9. Re1 O-O 10. Nf1 dxe4 11. dxe4 Qxd1 12. Rxd1 Ba6 13. Bf4 Rfd8 14. h4 Na5
15. Be5 Nc4 16. Bxg7 Kxg7 17. b3 Nb2 18. Rd2 Rxd2 19. N1xd2 Rd8 20. Bf1 Bb7 21.
Re1 Nc6 22. Nc4 Nd1 23. a3 Nxc3 24. Re3 Nd1 25. Rd3 Rxd3 26. Bxd3 Ba6 27. Nxb6
Bxd3 0-1

[Event "IX Floripa Chess Open Fort Atacadista"]
[Site "Florianópolis - Santa Catari"]
[Date "2023.01.27"]
[Round "8.82"]
[White "Boabaid, Jorge Alberto Duard"]
[Black "Silveira, Leonardo Eleuterio "]
[Result "1/2-1/2"]
[WhiteElo "1822"]
[BlackElo "2124"]
[PlyCount "66"]
[EventDate "2023.01.23"]
[EventRounds "10"]
[EventCountry "BRA"]

1. d4 e6 2. c4 Bb4+ 3. Bd2 Qe7 4. Nc3 f5 5. a3 Bxc3 6. Bxc3 Nf6 7. f3 b6 8. e3
O-O 9. Nh3 d6 10. Bd3 e5 11. O-O c5 12. dxe5 dxe5 13. Qe1 Nc6 14. Qh4 g6 15.
Rae1 Be6 16. b3 Rad8 17. Bc2 Bc8 18. Ng5 Rd6 19. Rd1 Rxd1 20. Bxd1 Kg7 21. Bc2
h6 22. Nh3 g5 23. Qe1 f4 24. Nf2 fxe3 25. Qxe3 Nd4 26. Bb1 Bd7 27. h4 Nh5 28.
Bxd4 cxd4 29. Qe4 Kg8 30. Qg6+ Ng7 31. Be4 Qf6 32. Qh7+ Kf7 33. Bd5+ Ke7
1/2-1/2

[Event "IX Floripa Chess Open Fort Atacadista"]
[Site "Florianópolis - Santa Catari"]
[Date "2023.01.27"]
[Round "8.83"]
[White "Perez, Hernan"]
[Black "Ferreira, Rodrigo Maycon Mira"]
[Result "1-0"]
[WhiteElo "2081"]
[BlackElo "1781"]
[PlyCount "25"]
[EventDate "2023.01.23"]
[EventRounds "10"]
[EventCountry "BRA"]

1. Nf3 d5 2. c4 c6 3. b3 Nf6 4. e3 g6 5. Bb2 Bg7 6. d4 O-O 7. Bd3 Nbd7 8. O-O
dxc4 9. bxc4 Re8 10. h3 Qc7 11. Nbd2 c5 12. Ne5 Nxe5 13. dxe5 1-0

[Event "IX Floripa Chess Open Fort Atacadista"]
[Site "Florianópolis - Santa Catari"]
[Date "2023.01.27"]
[Round "8.84"]
[White "Machado, Leonardo Ribeiro"]
[Black "Cantero, Rodolfo"]
[Result "0-1"]
[WhiteElo "1807"]
[BlackElo "2070"]
[PlyCount "90"]
[EventDate "2023.01.23"]
[EventRounds "10"]
[EventCountry "BRA"]

1. e4 e5 2. Nf3 Nc6 3. Bb5 a6 4. Ba4 Nf6 5. O-O Be7 6. Re1 b5 7. Bb3 d6 8. c3
O-O 9. d4 Bg4 10. d5 Na5 11. Bc2 Qc8 12. h3 Bd7 13. Nbd2 c6 14. dxc6 Qxc6 15.
Nf1 Nc4 16. Ng3 Rfe8 17. a4 Nb6 18. axb5 axb5 19. Rxa8 Rxa8 20. Bb3 Ra1 21. Qe2
Nc4 22. Bg5 Rxe1+ 23. Nxe1 h6 24. Bc1 Be6 25. Nd3 Nd7 26. Nb4 Qa8 27. Nd5 Bxd5
28. exd5 Qa1 29. Bxc4 bxc4 30. Qf1 Nc5 31. Nf5 Bf8 32. Be3 Qxf1+ 33. Kxf1 Nd3
34. Bb6 g6 35. Ne3 Nxb2 36. Ke2 f5 37. Kd2 f4 38. Ng4 Kf7 39. f3 Nd3 40. Nh2
Kf6 41. Nf1 Kg5 42. Ke2 e4 43. Bd8+ Kf5 44. Nd2 Ke5 45. Nxe4 Kxd5 0-1

[Event "IX Floripa Chess Open Fort Atacadista"]
[Site "Florianópolis - Santa Catari"]
[Date "2023.01.27"]
[Round "8.85"]
[White "Martins, Anderson Donay"]
[Black "Mesquita, Arnaldo Leite"]
[Result "1-0"]
[WhiteElo "2058"]
[BlackElo "1760"]
[PlyCount "109"]
[EventDate "2023.01.23"]
[EventRounds "10"]
[EventCountry "BRA"]

1. e4 d6 2. c4 g6 3. d4 Bg7 4. Nc3 Nf6 5. h3 c6 6. f4 O-O 7. Nf3 Nh5 8. Kf2 Nd7
9. g4 Nhf6 10. Be3 e5 11. dxe5 dxe5 12. fxe5 Ne8 13. Bc5 Qc7 14. Bxf8 Qb6+ 15.
Qd4 Qxb2+ 16. Ne2 Qxd4+ 17. Nexd4 Bxf8 18. e6 fxe6 19. Nxe6 Be7 20. Ned4 Nc5
21. Re1 Nd6 22. e5 Nde4+ 23. Ke3 Ng3 24. Rg1 Nxf1+ 25. Rgxf1 Ne6 26. Rb1 a6 27.
Rfc1 Ng5 28. h4 Nxf3 29. Nxf3 Rb8 30. Kf4 Be6 31. Ng5 Rf8+ 32. Kg3 Bc8 33. Rf1
Rxf1 34. Rxf1 h6 35. Ne4 Be6 36. Nf6+ Kg7 37. Ne8+ Kg8 38. Nd6 b5 39. cxb5 axb5
40. a3 Bd5 41. Rd1 Kf8 42. Nxb5 Bb3 43. Rb1 Bc2 44. Rc1 cxb5 45. Rxc2 Bxa3 46.
Rc6 Kf7 47. Rb6 b4 48. Kf3 Bb2 49. Ke4 Bc3 50. h5 gxh5 51. gxh5 Bd2 52. Kd5 Ke7
53. Rb7+ Ke8 54. Ke6 Kd8 55. Kf7 1-0

[Event "IX Floripa Chess Open Fort Atacadista"]
[Site "Florianópolis - Santa Catari"]
[Date "2023.01.27"]
[Round "8.86"]
[White "Lunelli, Neuri Antonio"]
[Black "Oliveira, Tiago Batista"]
[Result "0-1"]
[WhiteElo "1799"]
[BlackElo "2047"]
[PlyCount "47"]
[EventDate "2023.01.23"]
[EventRounds "10"]
[EventCountry "BRA"]

1. c4 Nf6 2. Nc3 g6 3. g3 Bg7 4. Bg2 O-O 5. e4 d6 6. Nge2 c5 7. O-O Nc6 8. h3
Rb8 9. d3 a6 10. Be3 b5 11. Qd2 Ne8 12. Rad1 Nc7 13. b3 Re8 14. f4 Ne6 15. Rf2
Ned4 16. Rdf1 e6 17. Kh2 Bd7 18. Ng1 Qa5 19. Nd1 Qc7 20. Nf3 a5 21. Nh4 bxc4
22. bxc4 Rb6 23. Bf3 Reb8 24. Bg4 0-1

[Event "IX Floripa Chess Open Fort Atacadista"]
[Site "Florianópolis - Santa Catari"]
[Date "2023.01.27"]
[Round "8.88"]
[White "Teixeira, Jonas Carvalho"]
[Black "Raimundo, Airton Carlos Nunes"]
[Result "0-1"]
[WhiteElo "1791"]
[BlackElo "2023"]
[PlyCount "62"]
[EventDate "2023.01.23"]
[EventRounds "10"]
[EventCountry "BRA"]

1. e4 e6 2. d4 d5 3. Nd2 Nf6 4. e5 Nfd7 5. Ngf3 c5 6. c3 Nc6 7. Bb5 Qb6 8. Bxc6
bxc6 9. Qb3 Ba6 10. Qxb6 axb6 11. Nb3 cxd4 12. cxd4 Bc4 13. Nfd2 Bb4 14. a3
Bxb3 15. axb4 Rxa1 16. Nxb3 Ra2 17. O-O O-O 18. f4 Rfa8 19. f5 R8a4 20. fxe6
fxe6 21. Rf3 Rxb4 22. Rc3 Rc4 23. Re3 Rc2 24. h3 c5 25. dxc5 bxc5 26. Rc3 Rxc3
27. bxc3 c4 28. Nd4 Ra1 29. Ne2 Nxe5 30. Kh2 Nd3 31. Bg5 e5 0-1